Word Ladder: Why Vote? Quiz Stats

 Plays Quiz Updated Nov 4, 2014

Challenge
Share
Tweet
Embed
Score 0/21 Timer 02:00
1 Play Today
Hint 4-Letter Word % Correct
'____ free or die'LIVE
98.6%
✔ '____ PEACE A CHANCE' ✔✔ GIVE ✔
97.4%
Key ____ pieLIME
97.3%
✔ ____ LIKE IT HOT ✔✔ SOME ✔
93.6%
Aching, like musclesSORE
92.5%
____ Warner CableTIME
92.1%
Organize laundrySORT
91.3%
✔ '____ SCORE AND SEVEN YEARS AGO' ✔✔ FOUR ✔
90.7%
Losers fruit, '____ grapes'SOUR
86.8%
✔ SEVEN ____ ITCH ✔✔ YEAR ✔
85.9%
Bound volumeTOME
84.7%
Hint 4-Letter Word % Correct
Rise, like gas pricesSOAR
81.2%
CharSEAR
77.4%
Santa's suit besmircherSOOT
76.3%
Affirmative votesYEAS
74.8%
Not fair, like weatherFOUL
73.7%
Boot lodgerFOOT
71.2%
✔ 'THE ____ ON THE HILL' ✔✔ FOOL ✔
66.4%
OolongsTEAS
65.2%
____ America: World PoliceTEAM
61.4%
✔ TIME ALLOTMENT ✔✔ TERM ✔
41.7%

Today's Daily Dose

You're not logged in!

Compare scores with friends on all Sporcle quizzes.
Join for Free
OR
Log In

You Might Also Like...

Show Comments

Extras

Top Quizzes Today


Score Distribution

Your Account Isn't Verified!

In order to create a playlist on Sporcle, you need to verify the email address you used during registration. Go to your Sporcle Settings to finish the process.

Report this User

Report this user for behavior that violates our Community Guidelines.

Details: